000 01174nam a2200253Ia 4500
003 Ost
005 20260507075034.0
008 260507s9999||||xx |||||||||||||| ||und||
020 _a×346079957
040 _cfsecg
041 _aara
082 _a330
100 _aالنصر، محمد محمود
_eمؤلف
245 0 _aمبادئ الإقتصاد الجزئي /
_c محمد محمود النصر
250 _aطبعة 3
260 _aنابلس:
_bدار الفكر للطباعة والنشر والتوزيع,
_c2005
300 _a336 صفحة؛
_bإيضاحات ؛
_c24 سم
520 _aمفاهيم عامة- ماهو الإقتصاد- العرض والطلب- المرونة- سلوك المستهلك- الإنتاج والتكاليف- المنافسة الكاملة- الإحتكار التام- المنافسة الإحتكارية وإحتكار القلة- سوق عناصر الإنتاج- مواضيع خاصة
653 _aالإستراتيجية التنافسية
653 _aالأسواق
653 _aالإقتصاد الجزئي
700 _aشامية، عبد الله محمود
_eمؤلف ثانوي
942 _cكتاب
999 _c42440
_d42440